Journal des économistes (Record no. 1296)

MARC details
000 -LEADER
campo de control de longitud fija 01136nas a2200229 i 4500
001 - NÚMERO DE CONTROL
campo de control 1296
003 - IDENTIFICADOR DE NÚMERO DE CONTROL
campo de control ES-MaACL
005 - FECHA Y HORA DE LA ÚLTIMA TRANSACCIÓN
campo de control 20250721062534.0
008 - DATOS DE LONGITUD FIJA--INFORMACIÓN GENERAL
campo de control de longitud fija 950801d18411940fr | | 1 ||re d
080 ## - NÚMERO DE LA CLASIFICACIÓN DECIMAL UNIVERSAL
Número de la Clasificación Decimal Universal 44
245 00 - MENCIÓN DEL TÍTULO
Título Journal des économistes
Resto del título : revue mensuelle de l'économie politique, des questions agricoles, manufacturières et commerciales.
260 ## - PUBLICACIÓN, DISTRIBUCIÓN, ETC.
Lugar de publicación, distribución, etc. Paris :
Nombre del editor, distribuidor, etc. Chez Guillaumin, etc,
Fecha de publicación, distribución, etc. 1841-1940.
300 ## - DESCRIPCIÓN FÍSICA
Extensión 261 v. ;
Dimensiones 24 cm.
310 ## - PERIODICIDAD ACTUAL
Periodicidad actual Mensual
362 0# - FECHAS DE PUBLICACIÓN Y/O DESIGNACIÓN SECUENCIAL
Fecha de publicación y/o designación secuencial T. 1, n° 1 (1841, déc.)-t. 37, n° 152 (1853, déc.) ; 2e s., t. 1, n° 1 (1854, janv.)-t. 48, n° 144 (1865, déc.) ; 3e s., t. 1, n° 1 (1866, janv.)-t. 48, n° 144 (1877, janv.) ; 4e s., t. 1, n° 1 (1878, janv.)-t. 48, n° 12 (1889, déc.) ; 5e s., t. 1, n° 1 (1890, janv.)-t. 56, n° 3 (1903, déc.) ; 6e s., t. 1, n° 1 (1904, janv.)-t. 110, n° 2 (1940, mars/avr.)
500 ## - NOTA GENERAL
Nota general Indices que comprenden de 1841-1904.
650 17 - PUNTO DE ACCESO ADICIONAL DE MATERIA--TÉRMINO DE MATERIA
Término de materia o nombre geográfico como elemento de entrada Economía
Fuente del encabezamiento o término embne
9 (RLIN) 12006
700 1# - ENTRADA AGREGADA--NOMBRE PERSONAL
Nombre de persona Aupetit, M. Albert,
Término indicativo de función/relación
9 (RLIN) 194154
852 ## - LOCALIZACIÓN
Ubicación ES-MaACL
Número de control de estantería Hem-333
866 #0 - MENCIÓN TEXTUAL DE FONDOS--UNIDAD BIBLIOGRÁFICA BÁSICA
Fondos (1843)1844-1914(1915f.t.XLVII)1916-34(1935f.jul.-ago.)(1936).
Holdings
Estatus retirado Estado de pérdida Estado de daño No para préstamo Colección Biblioteca de origen Biblioteca actual Ubicación en estantería Fecha de adquisición Fuente de adquisición Total de préstamos Signatura topográfica completa Código de barras Visto por última vez Precio de reemplazo Tipo de ítem Koha
        Periódicos y Revistas Biblioteca del Ateneo de Madrid Biblioteca del Ateneo de Madrid Depósito 1 17/01/2008     Hem-333 1001324 23/02/2023 23/02/2023 Revista